Дело о смерти актера немецкой труппы и режиссера Матвея Шрейнцера, о выдаче после его смерти жене его годового оклада жалованья ...

Доступно только в Электронных читальных залах Найти на картеНа карте
RUSMARC
00003712nmc2a22000003x 450
001d429079a-8f57-4280-8858-986ffcd684f0
00520181009095931.0
100##$a20161219l18201834k l0rusy0189 ca
1010#$arus
102##$aRU
2001#$aДело о смерти актера немецкой труппы и режиссера Матвея Шрейнцера, о выдаче после его смерти жене его годового оклада жалованья и о службе Шарлотты Гейтингер (урожденной Шрейнцер)
$j25 февраля 1820 г. - 20 сентября 1834 г.
251##$cДело
300##$aДело
801#0$aRU
$bРГИА
$c20161219
$gRCR
801#1$aRU
$bГлавНИВЦ
$c20161219
$2rusmarc
801#2$aRU
$bПБ им. Б.Н. Ельцина
$c20181009
$gRCR
$2rusmarc
850##$aРГИА
852##$aРГИА
$eФедеральное казенное учреждение "Российский государственный исторический архив" (РГИА)
$j2015
937##$hРГИА
$d12234886
$aASBIBLIO_SCAN
462#0$1001dd3991dc-24e1-42ec-8838-ca4255420416
$12001
$a1746-1850 гг.
$1251
$cОпись
$1852
$j1
461#0$10019264ebf8-de62-4f1a-9eb4-9f22098dbbd5
$12001
$aДирекция императорских театров МИДв
$1251
$cФонд
$1852
$j497
215##$a87 л.
$d36,5х26 см
371##$aДокумент не является опубликованным и широко распространяемым
105##$ay###
1222#$ad
035##$ad429079a-8f57-4280-8858-986ffcd684f0
856##$uhttp://readingroom.main.prlib.ru/item.aspx?id_node=n119046636&mode=full
Формат отображения